Statistics for Groups of Three Quiz #2

Click here to take the quiz!

General Stats

  • This quiz has been taken 77,386 times
    (22,852 since last reset)
  • The average score is 34 of 60

Answer Stats

Group Answer % Correct
Simpson Family ChildrenBart
89%
WWII Axis PowersGermany
86%
Simpson Family ChildrenLisa
83%
Components of an AtomNeutrons
82%
Abrahamic ReligionsIslam
81%
Components of an AtomProtons
81%
WWII Axis PowersItaly
80%
WWII Axis PowersJapan
79%
Countries that Start with HHaiti
78%
Components of an AtomElectrons
78%
Countries that Start with HHungary
78%
Abrahamic ReligionsChristianity
77%
Countries that Start with HHonduras
77%
Abrahamic ReligionsJudaism
77%
Major Airports Serving New York CityJohn F. Kennedy
77%
Holiest Cities in Sunni IslamMecca
76%
Simpson Family ChildrenMaggie
75%
Large Leg BonesFemur
74%
Capitals of South AfricaCape Town
73%
What Girls are Made ofSugar
69%
Lord of the Rings TrilogyThe {Fellowship} of the Ring
68%
Lord of the Rings TrilogyThe {Return} of the King
67%
First Names the Wives of Henry VIIIAnne
67%
Large Leg BonesTibia
66%
What Girls are Made ofSpice
65%
Children of Adam & EveAbel
65%
Children of Adam & EveCain
65%
What Girls are Made ofEverything Nice
62%
Types of RocksIgneous
62%
Lord of the Rings TrilogyThe {Two} {Towers}
60%
Countries on the Island of BorneoIndonesia
60%
Capitals of South AfricaPretoria
58%
Types of RocksSedimentary
58%
Countries on the Island of BorneoMalaysia
56%
First Names the Wives of Henry VIIICatherine
54%
Holiest Cities in Sunni IslamJerusalem
53%
MacronutrientsProtein
52%
MacronutrientsCarbohydrates
51%
Regions of BelgiumFlanders
50%
Countries on the Island of BorneoBrunei
50%
MacronutrientsFat
49%
Major Airports Serving New York CityLaGuardia
47%
Large Leg BonesFibula
47%
Holiest Cities in Sunni IslamMedina
44%
Types of RocksMetamorphic
42%
First Names the Wives of Henry VIIIJane
41%
First Triumvirate of Ancient RomeJulius Caesar
41%
Major Airports Serving New York CityNewark
41%
Capitals of South AfricaBloemfontein
35%
Children of Adam & EveSeth
28%
Regions of BelgiumWallonia
27%
Regions of BelgiumBrussels-Capital
25%
France's Three EstatesClergy
24%
France's Three EstatesPeople
21%
France's Three EstatesNobility
21%
First Triumvirate of Ancient RomePompey
16%
First Triumvirate of Ancient RomeCrassus
12%
Grandchildren on Your Knee (When I'm 64)Dave
12%
Grandchildren on Your Knee (When I'm 64)Chuck
11%
Grandchildren on Your Knee (When I'm 64)Vera
11%

Score Distribution

Percentile by Number Answered

Percent of People with Each Score

Your Score History

You have not taken this quiz since the last reset